Responses for Show #124 - Thursday, February 28, 1985

Bruce Fauman game 1.

Contestants

[<< previous game]

Bruce Fauman, a university administrator and professor from Vancouver, British Columbia

Christie Nidonell, a story analyst from Van Nuys, California

Leo Cullum, a magazine cartoonist originally from North Bergen, New Jersey (whose 3-day cash winnings total $17,800)

[next game >>]

Jeopardy! Round responses

HIGHER EDUCATION
POTENT POTABLES
THE FAR EAST
HOMOPHONES
TOYS & GAMES
KIND OF A DRAG
    $100 2
sororities

Bruce
    $100 1
quinine

Bruce
    $100 7
Taiwan

Bruce
    $100 18
fore/four

Bruce
    $100 15
the joker

Bruce
    $100 26
Marlon Brando

Leo
    $200 3
junior colleges

Bruce
    $200 10
(Leo: What is "[*] And Soda"?)

Scotch

Leo
    $200 8
Chinese

Leo
    $200 20
route/root

Leo
    $200 16
(Alex: The king and the rook.)

castling

Bruce
    $200 27
La Cage aux Folles

Bruce
    $300 4
accredited

Bruce
    $300 13
a wine spritzer

Christie
    $300 9
Mandarins

Bruce
    $300 21
pale/pail

Leo
    $300 17
craps

Leo
    $300 28
Marilyn Monroe

Leo
    $400 5
(Alex: Boy, this man from Canada knows a bit about American higher education.)

the Tigers

Bruce
    $400 14
a Zombie

Bruce
    $400 11
the Japan Home Islands

Christie
    $400 22
mask/masque

Leo
    $400 24
(Bruce: I do not know.)
(Leo: What are catechisms?)

marionettes

LeoBruce
Triple Stumper
    $400 29
(Bruce: Who is...)
...
[The end-of-round signal sounds.]

Willard Scott

LeoBruce
    $500 6
(Christie: Uh, what is business administration?)

engineering

Christie
Triple Stumper
    $500 19
Chartreuse

Leo
    $500 12
(Christie: What is Malaysia?)

the Philippines

Christie
Triple Stumper
    $500 23
pare/pair

Bruce
    $1,000 25
(Alex: And we have less than a minute to go in the round.)

Barbie

Bruce

Scores at the first commercial break (after clue 12):

Leo Christie Bruce
$400 -$600 $1,500

Scores at the end of the Jeopardy! Round:

Leo Christie Bruce
$2,500 -$300 $3,200

Double Jeopardy! Round responses

U.S. CITIES
FIRST LINES
SCIENCE
SPORTS SHIFTS
WARS
ODD JOBS
    $200 5
New York

Leo
    $200 17
"The Midnight Ride of Paul Revere"

Bruce
    $200 10
summer

Bruce
    $200 24
(Leo: Who are the Kansas City Royals?)
(Bruce: Who are the Kansas City A's?)
...
(Alex: Who are [*]? Current team, there are no Kansas City A's at the moment.)

the Oakland A's

LeoBruce
Triple Stumper
    $200 1
the Vietnam War

Christie
    $200 12
a headhunter

Leo
    $400 6
Reno

Leo
    $400 18
the Grinch

Bruce
    $400 11
sonar

Leo
    $400 25
Kansas City

Leo
    $400 2
Germany

Christie
    $400 13
handicappers

Leo
    $600 7
Truth or Consequences

Bruce
    $600 19
Richard III

Bruce
    $600 15
(Alex: The C & H actually stands for California & Hawaiian.)

carbon & hydrogen

Bruce
    $1,000 3
the American Civil War

Christie
    $600 14
road manager (roadie)

Bruce
    $800 8
Norfolk

Leo
    $800 20
(Leo: What is "The Pit and the Pendulum"?)

"The Tell-Tale Heart"

Leo
Triple Stumper
    $800 16
the Sun

Leo
    $800 4
Richard the Lionhearted (Richard I)

Bruce
    $1000 9
Savannah

Bruce
    $1000 21
Aeneas

Christie
    $1000 23
(Alex: Less than a minute to go in this Double Jeopardy! Round.)

wind speed

Bruce
    $1000 26
[The end-of-round signal sounds.]

the St. Louis Browns

Leo
    $1000 22
the Crimean War

Bruce

Scores at the end of the Double Jeopardy! Round:

Leo Christie Bruce
$6,100 $2,300 $10,000

[wagering suggestions for these scores]

Final Jeopardy! Round responses

TELEVISION
(Alex: Chuck, Richie & Joanie. Chuck was dropped after just a few programs.)
ChristieWhat is three?
$2,000
LeoWhat is 2
$6,100
BruceWhat is two?
$3,000
3

Final scores:

Leo Christie Bruce
$0 $4,300 $7,000
3rd place: Skyway luggage 2nd place: La-Z-Boy sofa + Teletec telephone system New champion: $7,000

Game dynamics:

Coryat scores:

Leo Christie Bruce
$6,100 $1,900 $9,500
19 R,
3 W
6 R
(including 1 DD),
2 W
25 R
(including 1 DD),
3 W

Combined Coryat: $17,500

[game clues] [game scores] [suggest correction]

Game tape date: 1984-11-13
The J! Archive is created by fans, for fans. Scraping, republication, monetization, and malicious use prohibited; this site may use cookies and collect identifying information. See terms. The Jeopardy! game show and all elements thereof, including but not limited to copyright and trademark thereto, are the property of Jeopardy Productions, Inc. and are protected under law. This website is not affiliated with, sponsored by, or operated by Jeopardy Productions, Inc. Join the discussion at JBoard.tv.